| 000 | 00617nam a22002177a 4500 | ||
|---|---|---|---|
| 999 |
_c8032 _d8032 |
||
| 003 | AR-CdUCM | ||
| 008 | 190322b ||||| |||| 00| 0 spa d | ||
| 040 |
_aMUNICIPALIDAD PROVINCIAL DEL CUSCO _cBIBLIOTECA MUNICIPAL DEL CUSCO |
||
| 082 |
_a869.56 / _bH43 |
||
| 100 |
_aHernandez Camarero, Luis _922696 |
||
| 245 | _aLas Constelaciones / | ||
| 260 |
_aTrujillo : _bSajitario, _c1965. |
||
| 300 |
_a35 paginas ; _c25 cm. |
||
| 500 | _aPoesias Peruanas | ||
| 650 |
_aPoesia _91598 |
||
| 650 |
_aLiteratura _983 |
||
| 650 |
_aPeru _9429 |
||
| 650 |
_aTextos Romanticos _922697 |
||
| 942 |
_2ddc _cLIBROS |
||
| 945 | _apjha | ||